00461nam a2200193Ia 4500008004100000020001800041050001400059100001800073245001100091245002600102245003500128260001500163260001600178260000900194300001500203300002200218300001000240650001700250180207s9999 xx 000 0 und d a9781865040752 bO239 1999 aOdgers, Sally aSyd. : band the bad example / cby Sally Odgers / James Reece. aNew York : bScholastic, c1999 a32 pages : bchiefly colored ; c24cm. aSydney 2000.